1449 1154 1541 1376 1445 1139 1350 1726 1504 1424 1069 1745 1300 1505 1515 1974 1532 1562 1996 1492 1618 1071 1062 1095 1996 1767 1874 1180 1997 1548 1671 1475 1649 1276 1975 1085 1399 1562 1954 1028 1176 1013 1307 1223 1879 1815 1293 1753 1326 1586 1796 1894 1828 1657 1112 1730 1481 1339 1937 1092 1335 1364 1196 1569 1145 1823 1827 1136 1172 1435 1480 1574 1908 1750 1476 1660 1749 1438 1141 1466 1162 1228 1005 1643 1158 1462 1242 1600 1949 1995 1191 1235 1678 1884 1681 1104 1639 1832 1698 BCNSPRNW ULIB Ver.6.0+V

เปลี่ยนเป็นภาษาไทย

Change to English
 แสดงรายละเอียดบรรณานุกรม
  กลับหน้าหลัก

Brief Record : Get Marc (ISO 2709) : E-mail record : QR code < ปิดหน้าต่าง
LEADER : 00000nam 2200000uu 4500
001    13399122413
003     ULIB
008    020711s2551 th a 000 0 tha d
020    9789747074901
020    9747074907
090    นว.^bก361ต
100    กิ่งฉัตร
245    ตามรักคืนใจ/^cกิ่งฉัตร
250    พิมพ์ครั้งที่ 11
260     กรุงเทพฯ^bอรุณ,^c2551
945    ^p325^l0^i15034
999    ^aทศพร เกษรทอง
รายการนี้ยังไม่มีแท็ก
คุณยังไม่ได้ล็อกอิน คุณสามารถมีกิจกรรมร่วมกับเว็บไซต์ได้ แต่ต้องล็อกอินก่อน ::
  ล็อกอิน

รายการสื่อสารสนเทศ

ลำดับที่ ประเภท เลขเรียก/บาร์โค้ด สถานที่ สถานะ
1. นวนิยาย
นวนิยาย
นว. ก361ต ฉ.1 
  Barcode: 15034
ห้องสมุดวิทยาเขตสวรรค์ประชารักษ์
►นวนิยาย
บนชั้น
  ขอยืม

รายการใกล้เคียง
    ผู้แต่ง [กิ่งฉัตร]

BibComment


ยังไม่เคยถูกคอมเมนท์

คอมเมนท์ทรัพยากรรายการนี้
  คอมเมนท์: ตามรักคืนใจ กิ่งฉ..


 Copyright 2026. Bcnsprnw @Library